000 00570nam a22002057a 4500
003 OSt
005 20150520173609.0
008 150520b xxu||||| |||| 00| 0 eng d
020 _a0340740930
040 _cDLC
082 _aWW 100 H770 1998
100 _aHappe Wilhelm
_94757
245 _aOphthalmology Companion /
_cWilhelm Happe, Jakob Daniel Fischel
260 _aLondon :
_bArnold:
_c1998.
300 _avii, 290 p :
_bcol.ill;
_c26 cm.
504 _aIncludes index
650 _aOphthalomology
_94758
700 _aFischel Daniel Jakob
_94759
942 _2z
_cSLOAN
999 _c1806
_d1806